[Event "Africa-ch"]
[Site "Lilongwe"]
[Date "2021.05.18"]
[Round "1"]
[White "Abdulraheem, Abdulrahman Akintoy"]
[Black "Adorwa Kadenge, Brian"]
[Result "1-0"]
[WhiteElo "2264"]
[BlackElo "1867"]
[PlyCount "65"]
[EventDate "2021.05.18"]
[EventType "swiss"]
[EventRounds "9"]
[EventCountry "MWI"]
[SourceTitle "CBM 202 Extra"]
[Source "ChessBase"]
[SourceDate "2021.07.31"]
[SourceVersion "1"]
[SourceVersionDate "2021.07.31"]
[SourceQuality "1"]

1. e4 e5 2. Nf3 Nc6 3. Bb5 a6 4. Ba4 Nf6 5. d3 b5 6. Bb3 Be7 7. 0-0 d6 8. a4 Bg4 9. Nbd2 Nd4 10. Ba2 b4 11. c3 Nxf3+ 12. Nxf3 a5 13. cxb4 axb4 14. Qb3 0-0 15. Ng5 Bh5 16. f4 h6 17. Nf3 Bxf3 18. Rxf3 c5 19. Bd2 Qb6 20. Kh1 Kh7 21. Qd1 Qc6 22. Bc4 Rad8 23. Qe2 Nd7 24. Bd5 Qc7 25. Raf1 Nf6 26. Bc4 Nd7 27. Rg3 Bf6 28. f5 Nb6 29. Bb3 Ra8 30. Qh5 c4 31. dxc4 Rh8 32. c5 Nd7 33. Qg6+ 1-0

[Event "KEN-chT"]
[Site "Nairobi"]
[Date "2019.05.18"]
[Round "13.4"]
[White "Adorwa Kadenge, Brian"]
[Black "Lwanga, Charles Karoli"]
[Result "1/2-1/2"]
[WhiteElo "1765"]
[BlackElo "1744"]
[PlyCount "41"]
[EventDate "2019.02.09"]
[EventType "team-tourn"]
[EventRounds "27"]
[EventCountry "KEN"]
[SourceTitle "CBM 192 Extra"]
[Source "Chessbase"]
[SourceDate "2019.11.06"]
[SourceVersion "1"]
[SourceVersionDate "2019.11.06"]
[SourceQuality "1"]
[WhiteTeam "Equity"]
[BlackTeam "Nairobi CA"]
[WhiteTeamCountry "KEN"]
[BlackTeamCountry "KEN"]

1. c4 Nf6 2. Nc3 e6 3. g3 d5 4. cxd5 exd5 5. d4 c6 6. Bg2 Bd6 7. Bg5 Nbd7 8. Nf3 0-0 9. 0-0 Re8 10. e3 h6 11. Bxf6 Nxf6 12. Qc2 Ng4 13. Rfe1 a5 14. a4 Nf6 15. Rac1 Bb4 16. Nd2 Qd7 17. Na2 Bd6 18. Nc3 Bb4 19. Na2 Bd6 20. Nc3 Bb4 21. Na2 1/2-1/2

[Event "KEN-ch"]
[Site "Nairobi"]
[Date "2015.12.12"]
[Round "5"]
[White "Mukabi, John"]
[Black "Adorwa Kadenge, Brian"]
[Result "1/2-1/2"]
[WhiteElo "2003"]
[BlackElo "1723"]
[PlyCount "72"]
[EventDate "2015.12.11"]
[EventType "swiss"]
[EventRounds "8"]
[EventCountry "KEN"]
[SourceTitle "CBM 170 Extra"]
[Source "ChessBase"]
[SourceDate "2016.02.25"]
[SourceVersion "1"]
[SourceVersionDate "2016.02.25"]
[SourceQuality "1"]

1. d4 d5 2. Nf3 c6 3. g3 g6 4. Bg2 Bg7 5. 0-0 Nf6 6. Nc3 0-0 7. Bg5 Nbd7 8. Re1 h6 9. Bd2 b5 10. b4 Nb6 11. e4 dxe4 12. Nxe4 Nxe4 13. Rxe4 Bf5 14. Re1 Bg4 15. c3 e6 16. Qc1 Bxf3 17. Bxf3 Nd5 18. Bxd5 cxd5 19. Bxh6 a5 20. a3 Bxh6 21. Qxh6 Qf6 22. Kg2 Rfc8 23. Qd2 a4 24. h4 Kg7 25. Re5 Rc4 26. h5 gxh5 27. Rh1 Rac8 28. Rc1 h4 29. Rg5+ Kf8 30. gxh4 Ke7 31. Qe3 Rh8 32. Rxd5 Qxh4 33. Qg5+ Qxg5+ 34. Rxg5 Rb8 35. Rc5 Rxc5 36. bxc5 Rd8 1/2-1/2